[Event "Chigorin Memorial 07th"]
[Site "St Petersburg"]
[Date "1999.11.09"]
[Round "8"]
[White "Volkov, Sergey"]
[Black "Lastin, Alexander"]
[Result "1-0"]
[WhiteElo "2575"]
[BlackElo "2552"]
[Annotator "Donev,I"]
[PlyCount "59"]
[EventDate "1999.11.02"]
[EventType "swiss"]
[EventRounds "9"]
[EventCountry "RUS"]
[SourceTitle "CBM 074"]
[Source "ChessBase"]
[SourceDate "2000.02.01"]
[SourceVersion "1"]
[SourceVersionDate "2000.02.01"]
[SourceQuality "1"]

1. d4 d5 2. c4 c6 3. Nc3 Nf6 4. e3 e6 5. Bd2 Nbd7 6. Rc1 {Offensichtlich
gefällt Volkov diese Variante der Slawischen Verteidigung, weil er sie oft in
seiner Praxis verwendet hat. Jetzt versucht der Anziehende sein Spiel zu
verstärken.} (6. Qc2 Bd6 (6... b6 7. cxd5 exd5 8. Bd3 Be7 9. Nge2 Bb7 10. Ng3
g6 11. h4 Qc7 12. e4 c5 13. Nxd5 Nxd5 14. exd5 Bxd5 15. h5 Bf6 16. hxg6 hxg6
17. Rxh8+ Bxh8 18. Bxg6 Bxd4 19. Be4 Bxe4 20. Nxe4 O-O-O 21. O-O-O $11 {
0-1 Volkov,S-Dreev,A/St Petersburg 1998/CBM 67/[Hecht] (67)}) 7. c5 Bb8 8. f4
b6 9. b4 O-O 10. Rb1 a5 11. a3 axb4 12. axb4 bxc5 13. bxc5 Bc7 14. Nf3 Ba5 15.
Na2 Ne4 16. Bxa5 Qxa5+ 17. Nb4 Rb8 18. Qb2 Nexc5 19. dxc5 Qxc5 20. Nd4 Qb6 21.
Ndxc6 Qxe3+ 22. Be2 Ba6 23. Rf1 Rfc8 24. Rf3 Qg1+ {1/2-1/2 Volkov,S-Popov,V/
Nizhnij Novgorod 1998/EXT 2000 (24)}) 6... b6 7. cxd5 exd5 (7... cxd5 $2 8. Nb5
$1 $18) 8. Bd3 Bb7 9. Qf3 Be7 10. Nge2 Nf8 11. g4 Ne6 12. h4 g6 13. h5 {
Weiß hat Raum am Königsflügel erobert.} Rg8 14. hxg6 $14 hxg6 15. e4 dxe4 16.
Nxe4 Rc8 {Jetzt ist klar - der schwarze König wird im Zentrum bleiben. Das ist
gefährlich, weil wie der Partieverlauf zeigt, der Anziehende bald einen
starken Königsangriff bekommt. Im Gegensatz zu seinem Kollegen, kann der weiße
König sich günstig auf g2 verstecken.} (16... Nxd4 $2 {ist nicht korrekt wegen}
17. Nxd4 Qxd4 18. Bc3 $18) 17. b4 Rc7 18. Kf1 Rd7 $6 (18... Nxd4 $142 19. Nxf6+
(19. Nxd4 Qxd4 20. Bc3 Nxe4 $1 21. Bxe4 Qc4+ $17) 19... Bxf6 20. Nxd4 Qxd4 21.
Bc3 $15 Qd5 $1) 19. Re1 (19. Be3 $5 $11) 19... c5 $15 20. bxc5 bxc5 21. Nxf6+
Bxf6 22. Be4 Bxe4 23. Qxe4 Bxd4 (23... Be7 24. d5 Rxd5 25. Be3 $15) 24. Nf4 Re7
25. Rh7 {Alle weißen Figuren sind gegen den schwarzen Monarchen gerichtet. Die
schwarze Verteidigung muss sehr genau sein, sonst bricht seine Stellung
zusammen.} Rh8 $4 {[%mdl 8192] Offensichtlich hofft der Nachziehende auf den
Turmtausch, aber es kommt eine Überraschung...} (25... Qc8 $142 {damit wäre
Schwarz im Spiel geblieben}) (25... Nxf4 $2 26. Qc6+ Kf8 (26... Qd7 27. Rxe7+
Kxe7 28. Rxf7+ $1 {Ablenkung!} Kxf7 29. Qxd7+ Kf6 30. Bxf4 $18) 27. Rxe7 Qxe7
28. Bxf4 $18 {[%cal Yf4d6,Yf4h6]}) {[%tqu "De","Wie würden Sie den weiße
Angriff Fortsetzen?","","","h7f7","Zerstörung der Bauerndeckung.",6]} 26. Rxf7
$1 $16 {[%mdl 640] Zerstörung der Bauerndeckung. Nach diese starken Zug ist
der weiße Angriff unhaltbar.} Rxf7 (26... Kxf7 27. Qxg6+ Kf8 28. Nxe6+ Rxe6 29.
Rxe6 $18) 27. Qc6+ Qd7 (27... Kf8 28. Nxe6+ Kg8 29. Nxd4 $1 (29. Nxd8 $2 Rxf2+
30. Kg1 Rxd2+ 31. Kf1 Rf2+ 32. Kg1 Rxa2+ 33. Kf1 Rf2+ 34. Kg1 Rf6+ $19) 29...
Qxd4 30. Qxg6+ Kf8 (30... Qg7 31. Re8+ Rf8 32. Rxf8+ Kxf8 33. Qxg7+ Kxg7 34.
Bc3+ $18) 31. Bh6+ Rxh6 32. Qxh6+ Rg7 33. f3 $18) 28. Rxe6+ Kf8 $2 {Verliert
sofort!} (28... Re7 $142 29. Rxe7+ Kxe7 30. Nxg6+ Ke8 31. Qe4+ Kf7 32. Nxh8+
Bxh8 $18) 29. Qa8+ Kg7 30. Rxg6+ (30. Rxg6+ Kh7 31. Qh1#) 1-0

[Event "GER-ch 71st"]
[Site "Altenkirchen"]
[Date "1999.11.18"]
[Round "7"]
[White "Bischoff, Klaus"]
[Black "Lutz, Christopher"]
[Result "1-0"]
[WhiteElo "2509"]
[BlackElo "2591"]
[Annotator "Donev,I"]
[PlyCount "77"]
[EventDate "1999.11.12"]
[EventType "swiss"]
[EventRounds "9"]
[EventCountry "GER"]
[SourceTitle "CBM 074"]
[Source "ChessBase"]
[SourceDate "2000.02.01"]
[SourceVersion "1"]
[SourceVersionDate "2000.02.01"]
[SourceQuality "1"]

1. c4 e6 2. Nc3 d5 3. d4 Be7 4. cxd5 exd5 5. Bf4 c6 6. e3 Bf5 7. Nge2 Nd7 8. h3
Bg6 9. Bh2 (9. g4 h5 10. Rg1 hxg4 11. hxg4 Ngf6 12. f3 Nb6 13. Ng3 Rh2 14. Be2
Bd6 15. Nf1 Rh3 16. Kf2 Qd7 17. Kg2 Rh7 18. a4 a5 19. Qb3 Nc8 20. Ng3 Kf8 21.
Qd1 Kg8 22. Rh1 Rxh1 23. Qxh1 Qc7 24. Bxd6 Nxd6 25. Qh2 Re8 26. Rh1 Kf8 27. Nd1
Ke7 28. Kf1 Kd8 {1/2-1/2 Chekhov,V-Geller,E/Moscow 1989/CBM 14 (28)}) 9... Qb6
10. Qd2 Ngf6 11. f3 h6 12. g4 Bh7 13. Bg2 O-O 14. O-O Rfd8 15. Kh1 c5 (15...
Qa6 16. e4 Nb6 17. b3 $14) 16. Nf4 Nf8 $2 {Nach diesem Fehler bekommt der
Anziehende positionellen Vorteil. Er tauscht auf c5 und erzeugt den schwachen
isolierten Bauern auf d5. Mit seinen nächsten Zügen verstärkt Weiß den Druck
auf den d5-Isolani, der bald erobert wird.} ({Hier musste der Nachziehende
sofort auf d4 tauschen, um die Stellung zu vereinfachen.} 16... cxd4 $142 17.
Ncxd5 (17. exd4 Bb4 $11) 17... dxe3 $1 18. Nxe7+ (18. Nxb6 exd2 19. Nxa8 Bc2 $3
{Nur mit diesem wunderbaren Zug kann der Nachziehende das Gleichgewicht halten.
} 20. Nc7 (20. Rfd1 Bxd1 21. Rxd1 Nc5 (21... Rxa8 22. Rxd2 $11) 22. Bf1 Na4 23.
Nd3 $1 Rxa8 24. Rxd2 $11) 20... Nb6 21. Nb5 (21. Rfd1 $2 Bxd1 22. Rxd1 Nc4 $19)
21... d1=Q 22. Rfxd1 Bxd1 $13 {/\g5!}) 18... Kf8 19. Qe2 Kxe7 20. Bg1 $14 {
Dank seines Läuferpaars hat Weiß einen kleinen Vorteil.}) 17. dxc5 Qxc5 18.
Rfd1 {[%cal Yd2d5,Yc3d5,Yf4d5][%mdl 16] Die weißen Figuren sind harmonisch
gegen den schwachen isolierten Damenbauern auf d5 gerichtet, und der Bauer ist
nicht mehr zu retten.} Bd6 19. Bg1 $1 $16 d4 ({In der Erkenntnis, dass Schwarz
nach:} 19... Bxf4 20. exf4 Qd6 21. Bd4 N8d7 22. Nb5 Qb8 23. Rac1 {[%cal Yb5c7]}
Ne8 24. f5 $1 $16 {einfach zu schrecklich steht.}) 20. Qxd4 {Jetzt wandelt der
Anziehende den Materialvorteil allmählich in einen vollen Punkt um.} Qa5 21.
Nfd5 Nxd5 22. Qxd5 Qb6 23. Qb3 (23. Qb5 $142 $16) 23... Qxb3 24. axb3 Bc2 {
Es scheint, dass der Nachziehende seinen Bauer zurückholt und Gegenspiel
bekommt?} 25. Rdc1 Bxb3 26. f4 $1 {[%cal Yg2b7]} Rd7 27. Nb5 $1 {[%cal Yb5d6,
Yb5d4] Jetzt sind die weißen Drohungen (Nxd6 nebst Bb7 oder Nd4) kaum zu
neutralisieren.} Bb4 28. Nd4 Bd5 (28... Be6 29. f5 Bd5 30. e4 Bc6 31. Nxc6 bxc6
$18) 29. e4 Bc6 30. Nxc6 bxc6 31. e5 $1 $18 {Das weiße Läuferpaar und die
Bauernmehrheit am Königsflügel entscheiden die Partie.} Bd2 32. Rxc6 Rb8 (32...
Bxf4 33. Rc4 $18 {[%cal Yc4f4,Yg2a8]}) 33. f5 Rxb2 34. e6 fxe6 35. fxe6 Nxe6 (
35... Re7 36. Bc5 Re8 (36... Rxe6 37. Bd5 $18) 37. e7 $18) 36. Rxe6 a5 37. Re8+
Kf7 38. Re2 Kg8 39. Rxa5 1-0

[Event "POL-ch 57th"]
[Site "Plock"]
[Date "2000.05.10"]
[Round "13"]
[White "Czerwonski, Aleksander"]
[Black "Krasenkow, Michal"]
[Result "0-1"]
[WhiteElo "2414"]
[BlackElo "2661"]
[Annotator "Donev,I"]
[PlyCount "72"]
[EventDate "2000.04.28"]
[EventType "tourn"]
[EventRounds "13"]
[EventCountry "POL"]
[EventCategory "10"]
[SourceTitle "CBM 078"]
[Source "ChessBase"]
[SourceDate "2000.10.18"]
[SourceVersion "1"]
[SourceVersionDate "2000.10.18"]
[SourceQuality "1"]

1. d4 d5 2. Nf3 c6 3. c4 e6 4. Nc3 dxc4 5. a4 Bb4 6. e3 b5 7. Bd2 a5 8. axb5
Bxc3 9. Bxc3 cxb5 10. b3 Bb7 11. d5 $5 {[%cal Yc3g7] Räumt die große Diagonale
a1-h8.} Nf6 {Dieser Zug ist praktisch erzwungen. Die andere Fortsetzung führt
zu einer schlechten schwarzen Stellung:} (11... f6 12. bxc4 b4 13. Bxb4 $1 axb4
14. Rxa8 Bxa8 15. Qa4+ {[%cal Ya4e8,Ya4a8]} Nd7 16. dxe6 $16 {[%cal Ye6d7]})
12. bxc4 b4 13. Bxf6 Qxf6 14. Qa4+ Nd7 $8 ({Die anderen Fortsetzungen bringen
den Anziehenden Vorteil:} 14... Kf8 15. Nd4 exd5 16. Qb5 Bc6 17. Qb6 $16) (
14... Ke7 15. Nd4 exd5 16. Qb5 Qa6 (16... Bc6 17. Qc5+ $16 {->}) 17. Qc5+ Kd8
18. Nb5 $1 $16) 15. Nd4 e5 $1 (15... exd5 $6 16. c5 Rc8 17. Bb5 $16) (15... Ke7
$6 16. d6+ $1 Kxd6 17. Rd1 Rhd8 18. c5+ $1 Nxc5 19. Qb5 $16 {->}) 16. Nb3 Ke7
17. Be2 (17. Rd1 Qb6 18. d6+ Kd8 $13) 17... Qd6 $5 18. Nxa5 $2 $146 {Eine
verdächtige Neuerung. Offensichtlich hat sich Czernowski lange auf Krasenkow
vorbereitet. Er versucht das Spiel von Ian Rogers zu verbessern. Wie sich bald
herausstellen wird bekommt der Nachziehende mit genauem Spiel forciert ein
besseres Endspiel!} (18. Bg4 Nb6 19. c5 Qxd5 20. cxb6 Bc6 21. Qa2 Qxg2 22. Rf1
Qxg4 23. Nxa5 Bb5 24. Qb2 Qe4 25. b7 Ra6 26. Rg1 Rd8 27. Qc1 Qd3 28. Qb2 Kf6 {
0-1 Rogers,I-Krasenkow,M/Hastings 1993/CBM 39 (28)}) (18. Rd1 $142 $5 Rhc8 19.
O-O $14 {/\f2-f4}) 18... Rxa5 $1 (18... Nc5 19. Qd1 b3 20. Nxb7 Nxb7 21. Rxa8
Qb4+ 22. Qd2 Qxd2+ 23. Kxd2 Rxa8 24. Kc3 Nc5 25. Bd3 Ra2 26. Rf1 $14) 19. Qxa5
Ra8 $1 20. Qxa8 Bxa8 21. Rxa8 b3 $17 {[%mdl 32] Was ist passiert in den
letzten paar Zügen? Der Nachziehende hat 2 Türme und einen Bauern für die
weiße Dame getauscht. Aber der schwarze b3-Freibauer ist viel mehr wert als
die weißen 2 verbundenen Freibauern (c4+d5).  Wenn wir noch ein wenig weiter
auf die Stellungsbewertung eingehen wollen, kann man Folgendes feststellen: a)
Die schwarze Dame und der Springer harmonieren viel besser als die weißen
Türme und Läufer. b) Der schwarze Springer ist stärker als der weiße Läufer,
weil er das ausgezeichnete Feld c5 zur Verfügung hat und der Läufer von dem
eigenen Bauer eingeschränkt ist. c) Der Schlüssel in dieser Stellung ist der
b-Freibauer. Er wird die entscheidende Rolle spielen für den Ausgang der
Partie.} 22. O-O {Ich habe diese Stellung mit einigen Computer Programmen 
(Hiarcs, Fritz...) getestet und leider zeigen die Programme hier immer noch
weißen Vorteil an (vermutlich wegen des kleinen materiellen Vorteils). Es ist
schwer für ein Computerprogramm den klaren positionellen Vorteil des
Nachziehenden zu erkennen!} Qb4 23. Ra7 (23. Raa1 b2 24. Rab1 Nc5 $19 {[%csl
Gc3,Gc5][%cal Yc5a4,Yc5e4,Ye4c3,Ya4c3]}) 23... b2 24. Bd3 Qb6 {Jetzt wird der
Springer von der Fesselung befreit.} 25. Ra2 Qb3 {[%cal Yb3a2,Yb3d3] Zwingt
den Anziehenden seine Figuren noch passiver zu stellen.} 26. Bb1 Nc5 27. Ra7+ (
27. Ra8 Qxc4 28. Rb8 Qc1 $19 {[%cal Gc5a4,Ga4c3,Yc3b1]}) 27... Kf6 28. Ba2 Qb6
29. Ra8 Ne4 {/\Nd2} 30. Rc8 Qa7 31. Rc6+ (31. Bb1 Nd2 32. Rc6+ Kg5 $1 $19)
31... Kg5 32. d6 (32. Bb1 Nd2 33. Bd3 e4 $19) 32... Qxa2 33. d7 b1=Q 34. d8=Q+
f6 35. f4+ $2 (35. h4+ Kxh4 36. Rxb1 Qxb1+ 37. Kh2 Nxf2 38. g3+ Kg5 $19) 35...
Kh5 36. Qe8+ (36. Qd1+ Qxd1 37. Rxd1 Qa4 $19 {[%cal Ya4c6,Ya4d1]}) 36... g6 {
Eine wunderbare positionelle Partie zum Thema Dame gegen zwei Türme!} (36... g6
37. Qxg6+ (37. Qxe5+ fxe5 38. g4+ Kh4 39. Rxb1 Kh3 40. fxe5 Qxb1#) 37... hxg6
38. g4+ Kh4 39. Rxb1 Kh3 40. fxe5 Qxb1#) 0-1

[Event "Beersheba-Peterburg Kings m"]
[Site "St Petersburg"]
[Date "1999.06.15"]
[Round "10"]
[White "Ivanov, Sergey"]
[Black "Greenfeld, Alon"]
[Result "1/2-1/2"]
[WhiteElo "2528"]
[BlackElo "2521"]
[Annotator "Donev,I"]
[PlyCount "41"]
[EventDate "1999.06.??"]
[EventType "schev"]
[EventRounds "10"]
[EventCountry "RUS"]
[SourceTitle "CBM 072"]
[Source "ChessBase"]
[SourceDate "1999.10.01"]
[SourceVersion "1"]
[SourceVersionDate "1999.10.01"]
[SourceQuality "1"]

1. d4 d5 2. c4 e6 3. Nc3 Bb4 4. cxd5 exd5 5. Bf4 Ne7 6. e3 Bf5 7. Bd3 O-O (7...
c6 $5 8. Bxf5 Nxf5 9. Qb3 Qe7 $11) 8. Bxf5 Nxf5 9. Qb3 (9. Nge2 c6 10. Qb3 Qb6
11. O-O Nd7 $11) 9... Bxc3+ (9... c5 $5 {1/2-1/2 Speelman,J-Zvjaginsev,V/
Altensteig 1994/CBM 43 (38)}) 10. bxc3 {[%csl Rb7][%cal Yb3b7] Nach dem
Abtausch des weißfarbige Läufers hat der Nachziehende ein kleines Problem -
der Bauer b7 ist schwach geworden.} b6 {[%csl Ra6,Rc6] Jetzt sind die
weißfarbigen Felder am Damenflügel schwach geworden, aber trotzdem kann
Schwarz mittels c5 im Zentrum aktiv werden.} 11. Nf3 Nc6 {Schwarz droht Na5
mit der Beherrschung des Feldes c4.} 12. c4 {Weiß möchte sich von seinem
rückständigen und schwachen c-Bauern befreien.} Na5 {[%cal Ya5c4,Ya5b3]} 13.
Qc2 {[%cal Yc2f5] Wichtiger Zwischenzug, sonst verliert der Anziehende den
c4-Bauern.} Ne7 14. cxd5 $6 {Dieser Zug ist nicht der Beste, weil er dem
Nachziehenden erlaubt, die Initiative zu erobern.} (14. c5 $142 Ng6 (14... Nc4
15. O-O (15. Nd2 Nxd2 16. Qxd2 $11) 15... bxc5 16. dxc5 Ng6 17. Bg3) 15. Bg3
Nc4 16. O-O $11) 14... Nxd5 {[%cal Yd5f4]} 15. Bg5 (15. Bg3 c5 (15... f5 $5 {
/\f4}) 16. e4 (16. dxc5 Rc8 17. O-O Rxc5 18. Qb2 $11) 16... Nb4 17. Qb1 f5 {
Führt zu einer sehr komplizierten Stellung.}) 15... f6 16. Bh4 c5 $1 17. O-O
Rc8 $15 18. dxc5 Rxc5 19. Qd3 Nc3 20. Nd4 (20. Qxd8 Rxd8 21. Nd4 Kf7 $17) 20...
Nc6 21. Rfe1 (21. Rfe1 {Ich glaube das Schwarz immer noch besser steht und
dass er mittels:} Qd5 $1 {[%cal Yd5a2,Yc3a2,Yf8d8] nebst Rd8 seinen kleinen
Vorteil vergrößern könnte.}) 1/2-1/2

[Event "Brussels zt"]
[Site "Brussels"]
[Date "1993.??.??"]
[Round "2"]
[White "Hauchard, Arnaud"]
[Black "Dorfman, Josif D"]
[Result "1/2-1/2"]
[WhiteElo "2450"]
[BlackElo "2580"]
[Annotator "Dorfman,J"]
[PlyCount "81"]
[EventDate "1993.04.??"]
[EventType "swiss"]
[EventRounds "11"]
[EventCountry "BEL"]
[SourceTitle "CBM 038"]
[Source "ChessBase"]
[SourceDate "1994.02.01"]
[SourceVersion "1"]
[SourceVersionDate "1994.02.01"]
[SourceQuality "1"]

1. c4 e6 2. Nc3 d5 3. d4 c6 4. e4 dxe4 5. Nxe4 Bb4+ 6. Bd2 Qxd4 7. Bxb4 Qxe4+
8. Ne2 (8. Be2 Na6 9. Bc3 (9. Bd6 e5) 9... Ne7 10. Bxg7 Rg8) 8... Nd7 (8... Na6
9. Bf8 $5) 9. Qd6 a5 (9... c5 $5) 10. Ba3 $1 (10. Bc3 Ngf6 11. O-O-O Qxc4 $17)
10... Qe5 11. Qd2 (11. O-O-O Qxd6 12. Bxd6 Ngf6 13. Nc3 $44) 11... Ngf6 12.
O-O-O $2 (12. f4 $1) 12... Ne4 $1 13. Qe3 b5 $3 14. f4 Qc7 15. Qxe4 (15. cxb5
cxb5+ 16. Kb1 Bb7) 15... b4 16. Bxb4 axb4 17. Kb1 O-O 18. Nc1 e5 $1 19. fxe5 (
19. Be2 Nc5 20. Qxe5 Qxe5 21. fxe5 Bf5+ 22. Ka1 $2 Rxa2+ $3 23. Kxa2 (23. Nxa2
Nb3#) 23... Ra8#) 19... Nxe5 20. Nd3 Nxd3 (20... Ng4 21. Be2 f5 $13) 21. Bxd3
g6 22. b3 Qa5 23. Rd2 (23. Qe2 $2 Bg4 24. Qxg4 Qxa2+ 25. Kc1 Qxb3 $19) 23...
Bf5 24. Qe2 Rfe8 (24... Rfd8 25. Rhd1 (25. Bxf5 Qxf5+ 26. Kb2 $2 Rxa2+ $1 27.
Kxa2 Ra8+ 28. Kb2 Qf6+ $19) 25... Rxd3 26. Rxd3 Rd8 $17) 25. Qf2 Rad8 26. Bxf5
Rxd2 27. Qxd2 Qxf5+ 28. Kc1 Qe5 29. Kb1 Qf5+ 30. Kc1 c5 31. h3 Qe5 32. Kb1 Qf5+
$138 33. Kc1 Qf6 34. Kb1 Qf5+ 35. Kc1 Qf6 36. Kb1 Rd8 37. Qe2 Qf5+ 38. Kc1 Qf6
39. Kb1 Qf5+ 40. Kc1 Qf4+ 41. Kc2 1/2-1/2

[Event "EU-Cup 10th final"]
[Site "Lyon"]
[Date "1994.11.18"]
[Round "1"]
[White "Dorfman, Josif D"]
[Black "Ruzele, Darius"]
[Result "1-0"]
[WhiteElo "2595"]
[BlackElo "2495"]
[Annotator "Dorfman,J"]
[PlyCount "71"]
[EventDate "1994.11.18"]
[EventType "team-k.o."]
[EventRounds "3"]
[EventCountry "FRA"]
[SourceTitle "EXT 2020"]
[Source "ChessBase"]
[SourceDate "2019.10.17"]
[SourceVersion "1"]
[SourceVersionDate "2019.10.17"]
[SourceQuality "1"]
[WhiteTeam "Lyon-Oyonnax Echecs"]
[BlackTeam "Vilnius Kaise"]
[WhiteTeamCountry "FRA"]
[BlackTeamCountry "LTU"]

1. c4 e6 2. d4 d5 3. Nc3 c6 4. e4 dxe4 5. Nxe4 Bb4+ 6. Bd2 Qxd4 7. Bxb4 Qxe4+
8. Be2 Nd7 9. Nf3 c5 10. Bc3 f6 (10... Ngf6 11. Qd6) (10... Ne7 $5) 11. Nd2 $1
(11. O-O $6 Ne7 12. Nd2 Qf4 13. Bh5+ Ng6) 11... Qf4 (11... Qxg2 12. Bf3 $36)
12. Bh5+ $1 g6 13. Bf3 Ne5 (13... Ne7 14. Qe2 $36) 14. Be4 Nf7 (14... Nc6 15.
Bxc6+ bxc6 {+/- ><c5,c6}) 15. O-O Qc7 16. Qf3 $1 Qe7 (16... e5 17. Bd5 {/\Ne4})
17. Rfe1 Kf8 18. a3 Kg7 (18... a5 19. Nb3 a4 20. Nxc5 $1 Qxc5 $2 21. Bb4 {+-})
19. b4 cxb4 20. axb4 Ngh6 21. Bd5 (21. c5 $5) (21. Qe3 $5) 21... Rf8 22. Qe2 (
22. Ne4 $6 Ne5) 22... Ng8 (22... Re8 23. Ne4 exd5 24. Nxf6 Qxe2 25. Nxe8+ Kf8
26. Rxe2 {+-}) 23. c5 (23. Bxe6 Re8 24. Bg4 (24. Bxc8 Qxe2 25. Rxe2 Rxe2 26.
Bxb7 Rd8 {-/+}) 24... Bxg4 {-/+}) 23... e5 (23... exd5 24. Qxe7 Nxe7 25. Rxe7 {
+/-}) 24. f4 Be6 25. Bf3 f5 26. fxe5 a5 27. bxa5 Qxc5+ 28. Qe3 Qc7 29. Rab1 (
29. Rac1 $6 Rfc8 30. Qb6 Qxb6+ 31. axb6 Ra3) 29... Rab8 (29... f4 30. Qd4 Rfd8
31. Qb4 {/\32.Bb7,32.Ne4}) 30. Rb6 f4 31. Qd4 Rfd8 32. Qb4 Ng5 33. Bxb7 Rd3 34.
Ne4 Nxe4 35. Bxe4 Rdd8 36. Rb7 1-0